| 000 | 01386nam a2200373 a 4500 | ||
|---|---|---|---|
| 001 | 4013069 | ||
| 003 | OSt | ||
| 005 | 20241102043327.0 | ||
| 008 | 961107s1996 ii b 010 0 eng | ||
| 010 | _a 96905180 | ||
| 020 | _z8172143035 | ||
| 025 | _aI-E-96-905180; 05 | ||
| 040 |
_aDLC _cDLC |
||
| 042 | _alcode | ||
| 043 | _aa-ii--- | ||
| 050 | 0 | 0 |
_a294 SCO425R _b.R48 1996 |
| 082 | 0 | 0 |
_a294 SCO425R _221 |
| 245 | 0 | 0 |
_aRe-visioning India's religious traditions : _bessays in honour of Eric Lott / _cedited by David C. Scott & Israel Selvanayagam. |
| 246 | 3 | _aRevisioning India's religious traditions | |
| 260 |
_aDelhi : _bPublished for United Theological College, Bangalore by I.S.P.C.K., _c1996. |
||
| 300 |
_axix, 233 p. ; _c22 cm. |
||
| 504 | _aIncludes bibliographical references. | ||
| 520 | _aFestschrift honoring Rev. Dr. Eric J. Lott, former professor of the United Theological College, Bangalore, 1977-1988. | ||
| 650 | 0 |
_aReligious pluralism _zIndia. _9311 |
|
| 651 | 0 |
_aIndia _xReligion. _9312 |
|
| 700 | 1 |
_aLott, Eric J. _9313 |
|
| 700 | 1 |
_aScott, David Carlyle, _d1935- _9314 |
|
| 700 | 1 |
_aCelvanāyakam, Israyēl. _9315 |
|
| 710 | 2 |
_aUnited Theological College (Bangalore, India) _9316 |
|
| 710 | 2 |
_aI.S.P.C.K. (Organization) _9317 |
|
| 906 |
_a7 _bcbc _corigode _d3 _encip _f19 _gy-gencatlg |
||
| 942 |
_2ddc _cBK |
||
| 999 |
_c11215 _d11215 |
||